Ancient Figure by Letter - Statistics

General Stats
  • This quiz has been taken 18 times
  • The average score is 10 of 26
Answer Stats
Letter Description Person % Correct
H General who took elephants across the Alps. Hannibal
100%
A Mathematician and engineer who discovered a law about buoyancy and created several defensive war machines to defend Syracuse. Archimedes
80%
E Mathematician often called the "father of geometry". Euclid
80%
B Celtic queen who led an uprising against the Romans in 60 or 61 AD. Boudica
73%
I Chancellor and priest who designed the first Egyptian pyramid. Imhotep
67%
R Pharaoh who fought the Hittites at Kadesh. Ramesses the Great
67%
C Founder of the Achaemenid Empire. Cyrus the Great
60%
L Philosopher credited with writing Tao Te Ching. Laozi
53%
Q Leader who unified all of China in 221 BC. Qin Shi Huang
53%
J Prophet who authored the Book of Kings and the Book of Lamentations. Jeremiah
47%
K Pharaoh who commissioned the Great Pyramid of Giza. Khufu
40%
G The birth name of the Buddha. Siddhārtha Gautama
40%
Z Founder of the official religion of the Achaemenid and Sasanian Empires. Zoroaster
40%
D Roman emperor who farmed cabbages during his retirement. Diocletian
33%
N Babylonian king who ordered the construction of the Ishtar Gate and the reconstruction of Etemenanki. Nebuchadnezzar II
33%
S First ruler of the Akkadian Empire. Sargon the Great
27%
V Gallic king who surrendered to Julius Caesar in 52 BC. Vercingetorix
27%
W The only emperor of the Xin dynasty. Wang Mang
27%
O Soldier who deposed the last Western Roman emperor and became the first King of Italy. Odoacer
20%
X Athenian philosopher who wrote Anabasis and Cyropaedia, and who was one of the leaders of the mercenary force called the Ten Thousand. Xenophon
13%
P Sculptor who created the Statue of Zeus at Olympia. Phidias
7%
F Statesman of the Roman Republic who was a dictator in 221 and 217 BC. Quintus Fabius Maximus Verrucosus
7%
Y A prominent disciple of Confucius, and the only known disciple from the south of China. Yan Yan
7%
M Wrestler who supposedly died when he trapped his hands in a tree he was trying to tear apart, and was then eaten by wolves. Milo of Croton
0%
T Illyrian queen who killed an ambassador of the Roman Republic and besieged Corcyra. Teuta
0%
U Founder of the Third Dynasty of Ur. Ur-Nammu
0%
No matching quizzes found
Score Distribution
Percent of People with Each Score
Percentile by Number Answered
Your Score History
You have not taken this quiz